1634 1157 1292 1254 1925 1285 1678 1169 1344 1584 1015 1585 1336 1963 1090 1951 1390 1682 1501 1654 1380 1483 1752 1307 1747 1850 1798 1440 1112 1444 1357 1928 1503 1430 1545 1428 1024 1984 1563 1873 1182 1072 1155 1112 1915 1471 1952 1019 1007 1458 1534 1478 1798 1333 1754 1670 1928 1916 1255 1351 1585 1442 1221 1992 1911 1783 1335 1001 1723 1493 1541 1412 1906 1551 1356 1330 1726 1478 1233 1176 1919 1588 1219 1388 1924 1418 1044 1934 1157 1110 1387 1454 1213 1059 1402 1590 1195 1576 1767 BCNSPRNW ULIB Ver.6.0+V

เปลี่ยนเป็นภาษาไทย

Change to English
 แสดงรายละเอียดบรรณานุกรม
  กลับหน้าหลัก

Brief Record : Get Marc (ISO 2709) : E-mail record : QR code < ปิดหน้าต่าง
LEADER : 00000nam 2200000uu 4500
001    13399127813
003     ULIB
008    210930s2563||||th 000 0 tha d
020    ^a9786165683081
060  0 ^aWM105^bศ445ส
100    ^aศริญญา จริงมาก
245    ^aสุขภาพจิตและจิตเวช/^cศริญญา จริงมาก
260    ^aอุดรธานี :^bศักดิ์ศรีอักษรการพิมพ์,^c2563
300    ^a354 หน้า :^bภาพประกอบ
505  2 ^aแนวคิดของสุขภาพจิต--แนวคิดการเกิดโรค--ปรัชญาพื้นฐาน ทักษะการสื่อสารและหลักนิติจิตเวชศาสตร์--ความเข้าใจในพื้นฐานจิตใจ--พัฒนาการทางจิตและคุณภาพชีวิต--บุคลิกภาพ--อาการวิทยาและเกณฑ์จำแนกโรค--การวินิจฉัยและการบำบัดรักษา--ภาวะฉุกเฉินทางจิตเวช--สุขภาพจิตผู้สูงอายุ
650 04 ^aสุขภาพจิต
650  0 ^aMental health
650 04 ^aจิตเวชศาสตร์
650  0 ^aPsychiatry
945    ^p450^l0^i008263
945    ^p450^l0^i008264
945    ^p450^l0^i008265
999    ^aประนอม เกษจรัล
รายการนี้ยังไม่มีแท็ก
คุณยังไม่ได้ล็อกอิน คุณสามารถมีกิจกรรมร่วมกับเว็บไซต์ได้ แต่ต้องล็อกอินก่อน ::
  ล็อกอิน

รายการสื่อสารสนเทศ

ลำดับที่ ประเภท เลขเรียก/บาร์โค้ด สถานที่ สถานะ
1. วิทยาศาสตร์การแพทย์ และสุขภาพ
หนังสือสำรอง
สถานะ=หนังสือสำรอง
WM105 ศ445ส ฉ.1 
  Barcode: 008263
ห้องสมุดวิทยาเขตสวรรค์ประชารักษ์
►หนังสือทั่วไป
บนชั้น
2. วิทยาศาสตร์การแพทย์ และสุขภาพ
วิทยาศาสตร์การแพทย์ และสุขภาพ
WM105 ศ445ส ฉ.2 
  Barcode: 008264
ห้องสมุดวิทยาเขตสวรรค์ประชารักษ์
►หนังสือทั่วไป
บนชั้น
3. วิทยาศาสตร์การแพทย์ และสุขภาพ
วิทยาศาสตร์การแพทย์ และสุขภาพ
WM105 ศ445ส ฉ.3 
  Barcode: 008265
ห้องสมุดวิทยาเขตสวรรค์ประชารักษ์
►หนังสือทั่วไป
บนชั้น

รายการใกล้เคียง
    ผู้แต่ง [ศริญญา จริงมาก]

    หัวเรื่อง [สุขภาพจิต]
    หัวเรื่อง [Mental health]
    หัวเรื่อง [จิตเวชศาสตร์]
    หัวเรื่อง [Psychiatry]

BibComment


ยังไม่เคยถูกคอมเมนท์

คอมเมนท์ทรัพยากรรายการนี้
  คอมเมนท์: สุขภาพจิตและจิตเ..


 Copyright 2026. Bcnsprnw @Library